00247nam a2200097Ia 4500008004100000100002100041245005100062260001500113260000900128546001200137170619s9999 xx 000 0 und d aPeikari- Behrouz 0aFundamentals of Network Analysis and Synthesis bJaico Pub. c2010 aENGLISH